| 000 | 01027nam a2200205 a 4500 | ||
|---|---|---|---|
| 001 | 46049 | ||
| 005 | 20180714025453.0 | ||
| 008 | 140415s2001 000 0 spa d | ||
| 020 | _a0130176109 | ||
| 041 | _aspa | ||
| 082 |
_a158.7 _bOSL |
||
| 100 | 1 | _aOSLAND, JOYCE S. | |
| 245 | 1 | 0 |
_aORGANIZATIONAL BEHAVIOR : _bAN EXPERIENTIAL APPROACH |
| 250 | _a7ed. | ||
| 260 |
_a[s.l.] : _bPRENTICE-HALL, INC., _c2001 |
||
| 300 |
_a570 _c21.6 x 2.1 x 27.5 |
||
| 520 | _aESTE LIBRO SE ENFOCA EN EJERCICIOS, TECNICAS DE ANALISIS-SEGURO Y FORMAS DE TRABAJO PARA HACER LAS PAUTAS DEL COMPORTAMIENTO DE LA CIENCIA SIGNIFICATIVO Y RELEVANTE PARA SER PRACTICADO POR LOS ADMINISTRADORES O GERENTES Y LOS ESTUDIANTES. EL LIBRO PRETENDE COMUNICAR ALGO DE CONOCIMIENTO SOBRE PRINCIPIOS GENERALES DE PSICOLOGIA Y ALGUNAS TECNICAS PARA APLICAR ESE CONOCIMIENTO EN SITUACIONES SOCIALES Y ORGANIZACIONALES. | ||
| 650 | 1 | 4 |
_aCOMPORTAMIENTO ORGANIZACIONAL _xPSICOLOGIA INDUSTRIAL |
| 700 | 1 |
_aKOLB, DAVID A. -RUBIN, IRWIN M. _ecoaut. |
|
| 999 |
_c46049 _d46049 |
||